000 00318nam a22001337a 4500
008 171031b xxu||||| |||| 00| 0 eng d
020 _a9780471771166
041 _aeng
080 _29TH
_a33
100 _a59
101 _aBUS
245 _aBUSINESS DATA COMMUNICATION AND NETWORKING
_cFITZGERALD,J
942 _2udc
_cBK
999 _c36818
_d36818